00480nam a22001457a 4500020001800000082001600018100003500034245005500069260005800124300000800182650001900190942000700209952010100216999001700317 a9789354197536 a492.715 SHA aShareef, Pof. Muhammed Mustafa aVerbs of the Noble Qu'ran: Part 1: The Strong Verb aHyderabadbAbul Huda Centre for Quranic Studiesc2020 a264 aArabic Grammar cBK 001040708NFICaHMIbHMIcGENd2021-10-29l0o492.715 SHAp11-4538r2021-10-29w2021-10-29yBK c23197d23197